<?xml version="1.0" encoding="UTF-8"?><?xml-stylesheet type="text/xsl" href="static/style.xsl"?><OAI-PMH xmlns="http://www.openarchives.org/OAI/2.0/" xmlns:xsi="http://www.w3.org/2001/XMLSchema-instance" xsi:schemaLocation="http://www.openarchives.org/OAI/2.0/ http://www.openarchives.org/OAI/2.0/OAI-PMH.xsd"><responseDate>2026-04-14T13:21:47Z</responseDate><request verb="GetRecord" identifier="oai:uvadoc.uva.es:10324/52012" metadataPrefix="marc">https://uvadoc.uva.es/oai/request</request><GetRecord><record><header><identifier>oai:uvadoc.uva.es:10324/52012</identifier><datestamp>2022-02-14T22:16:03Z</datestamp><setSpec>com_10324_38</setSpec><setSpec>col_10324_787</setSpec></header><metadata><record xmlns="http://www.loc.gov/MARC21/slim" xmlns:doc="http://www.lyncode.com/xoai" xmlns:xsi="http://www.w3.org/2001/XMLSchema-instance" xmlns:dcterms="http://purl.org/dc/terms/" xsi:schemaLocation="http://www.loc.gov/MARC21/slim http://www.loc.gov/standards/marcxml/schema/MARC21slim.xsd">
<leader>00925njm 22002777a 4500</leader>
<datafield tag="042" ind1=" " ind2=" ">
<subfield code="a">dc</subfield>
</datafield>
<datafield tag="720" ind1=" " ind2=" ">
<subfield code="a">Domingo Redondo, José Antonio</subfield>
<subfield code="e">author</subfield>
</datafield>
<datafield tag="260" ind1=" " ind2=" ">
<subfield code="c">2021</subfield>
</datafield>
<datafield tag="520" ind1=" " ind2=" ">
<subfield code="a">El presente proyecto consiste en la ejecución de una nave agrícola (16 metros de luz y 30 metros de longitud) para albergar maquinaria agrícola, de 480 metros de superficie y emplazada sobre un conjunto de parcelas rústicas anexionadas pertenecieintes al municipio de Palacios de la Sierra (Burgos). La nave contará con distintas dependencias: almacén, aseo, zona de lavado, zona de taller, zona de repostaje y una pequeña entreplanta destinada al uso como oficina.&#xd;
Se han dimensionado las distintas instalaciones (saneamiento, pluviales, abastecimiento, electricidad y sistema de generación solar fotovoltaico) vinculadas a edificación, además de dar cumplimiento a los requisitos para la convocatoria de ayudas para la sostenibilidad y eficiencia energética (año&#xd;
2021) propuestas por la Junta de Castilla y León aplicables al sistema solar proyectado.</subfield>
</datafield>
<datafield tag="024" ind2=" " ind1="8">
<subfield code="a">https://uvadoc.uva.es/handle/10324/52012</subfield>
</datafield>
<datafield tag="245" ind1="0" ind2="0">
<subfield code="a">Proyecto de construcción de una nave agrícola para maquinaria en el T.M de Palacios de la Sierra (Burgos).</subfield>
</datafield>
</record></metadata></record></GetRecord></OAI-PMH>